| 000 | 01719nam a2200229Ia 4500 | ||
|---|---|---|---|
| 003 | Ost | ||
| 005 | 20260507075624.0 | ||
| 008 | 260507s9999||||xx |||||||||||||| ||und|| | ||
| 020 | _a9789931781548 | ||
| 040 | _cfsecg | ||
| 041 | _aara | ||
| 082 | _a332 | ||
| 100 |
_aحراق، مصباح _eمؤلف |
||
| 245 | 0 |
_aإقتصاديات المالية العمومية : _bمع الإسقاط على حالة الجزائر بالإشارة إلى القانون العضوي 18-15 المتعلق بقوانين المالية / _c مصباح حراق |
|
| 260 |
_aالجزائر: _bالنشر الجامعي الجديد, _c2021 |
||
| 300 |
_a272 صفحة؛ _bإيضاحات ؛ _c24 سم |
||
| 504 | _aمراجع ص.274 | ||
| 520 | _a قراءة مختصرة في القانون العضوي 18-15 المتعلق بقوانين المالية المؤرخ في 2 سبتمبر 2018، حيث أشار الى مفاهيم عامة حول المالية العامة ، و النفقات العامة بالاضافة الى الايرادات العامة، بالاضافة الى الضرائب والنظام الضريبي الجزائري، وبعدها تم تعريف وخصائص الميزانية العامة، مما بين لنا قراءة في تحصيل الجباية العادية الحالة الجزائرية 2010- 2018، ووضح هذا نحو حوكمة جديدة للمالية العمومية في الجزائر، وفي الأخيرذكر احكام ومواد القانون العضوي 18-15 المتعلق بقوانين المالية. | ||
| 653 | _aالاقتصاد المالي | ||
| 653 | _aالمالية العامة- قوانين وتشريعات | ||
| 942 | _cكتاب | ||
| 999 |
_c45158 _d45158 |
||